|
|
|
|
| LEADER |
00560nam a22001691a 4500 |
| 020 |
|
|
|a 9788126404605
|c 0.00
|
| 040 |
|
|
|a SSUS - Library - Kalady
|
| 082 |
|
|
|a M2 SHA VEN
|b P03
|
| 100 |
|
|
|a Shakespeare William
|
| 245 |
|
|
|a Venicile vyapari
|h [Text]
|
| 260 |
|
|
|a Kottayam
|b D C Books
|c 2003
|
| 300 |
|
|
|a 83p.
|
| 600 |
|
|
|a Play Malayalam
|
| 852 |
|
|
|h M2 SHA VEN
|i P03
|p 043660
|9 33.00
|t 0
|
| 942 |
|
|
|c BK
|
| 999 |
|
|
|c 49652
|d 49652
|
| 952 |
|
|
|0 0
|1 0
|4 0
|6 M_2_000000000000000_SHA_VEN_P03
|7 0
|9 72209
|a SSUS
|b SSUS
|d 2015-01-08
|g 33.00
|o M2 SHA VEN P03
|p 043660
|r 2015-01-08
|v 0.00
|w 2015-01-08
|y BK
|